Responses for Show #4188 - Wednesday, November 13, 2002

2002 College Championship quarterfinal game 3.
From the Schottenstein Center at the Ohio State University in Columbus.

Contestants

[<< previous game]

Pat Mobley, a sophomore at the University of Michigan from Davenport, Iowa

Allison Hurley, a junior at the University of Cincinnati from Medina, Ohio

Hikma Abdulghani, a senior at Columbia University from New York, New York

[next game >>]

Jeopardy! Round responses

NATIVE AMERICAN PLACE NAMES
SCOOBY-DOO AT 32
SHOPPING
THAT'S OLD NEWS
FRATERNITIES & SORORITIES
ENDS IN "FF"
    $200 22
Manhattan

Hikma
    $200 1
Sarah Michelle Gellar

Allison
    $200 2
annual percentage rate

Allison
    $200 5
Napoleon

Hikma
    $200 21
key

Triple Stumper
    $200 16
midriff

Pat
    $400 23
Chesapeake Bay

Pat
    $400 12
The Jetsons

Hikma
    $400 3
(Hikma: What is Sepora?)
[Accepted as correct; ruled incorrect in the next segment]

Sephora

Hikma
Triple Stumper
    $400 8
Martin Luther

Hikma
    $400 27
(Allison: What is a harp?)

lyre

AllisonPat
    $400 17
sheriff

Hikma
    $600 24
(Alex: Minute to go.)

Oshkosh

Hikma
    $600 13
Scrappy-Doo

Pat
    $600 4
Foot Locker

Pat
    $600 9
(Hikma: What is Melbourne?)

Sydney

HikmaAllison
    $600 28
pledge

Pat
    $600 18
blastoff (or liftoff or takeoff)

Allison
    $800 25
Nebraska

Triple Stumper
    $800 14
(Hikma: What is "Austin Powers?")

Wayne's World

HikmaPat
    $800 6
The Gap

Hikma
    $800 10
1868

Allison
    $800 29
National Panhellenic Conference

Pat
    $800 19
Pillsbury Bake-Off

Hikma
    $1,000 26
(Hikma: I don't know.)

Conestoga (Conestoga wagon)

Hikma
    $1000 15
Casey Kasem

Triple Stumper
    $1000 7
Rainforest Cafe

Pat
    $1000 11
Madame Marie Tussaud

Hikma
    $1000 30
VMI (Virginia Military Institute)

Triple Stumper
    $1000 20
Flagstaff

Allison

Scores at the first commercial break (after clue 15):

Hikma Allison Pat
$1,000 $1,800 $3,000

Scores at the end of the Jeopardy! Round:

Hikma Allison Pat
$2,000 $3,000 $5,400

Double Jeopardy! Round responses

THE ARABIAN PENINSULA
TALK TV
ENGLISH LIT
AMERICANA
BLOW YOUR TOP!
___OH___
(Alex: Each correct response will contain the letters "O-H" somewhere in the middle.)
    $400 21
desert

Allison
    $400 6
Conan O'Brien

Pat
    $400 4
"A Tale of Two Cities"

Allison
    $400 11
Empire State Building

Allison
    $400 16
Mount Fuji

Pat
    $400 1
John

Allison
    $800 22
Kuwait

Pat
    $800 7
Dr. Phil McGraw

Pat
    $800 5
James Boswell

Triple Stumper
    $800 12
theme park

Pat
    $800 17
(Pat: What is Mount St. Helens?)
(Allison: What is Mount Helena?)

Mount Rainier

HikmaAllisonPat
    $800 2
Soho

Hikma
    $1200 27
Mecca

Hikma
    $1200 8
Politically Incorrect

Pat
    $1200 19
"Heart of Darkness"

Allison
    $1200 13
(Allison: What is Montana?)

Colorado

Allison
Triple Stumper
    $2,000 18
Mount Vesuvius

Hikma
    $1200 3
(Hikma: Bern...Bohn?)
....
(Alex: Remember your phrasing, Hikma.)

Bohr

Hikma
Triple Stumper
    $1600 28
Yemen

Triple Stumper
    $1600 9
Phil Donahue

Pat
    $2,000 20
(Allison: What is Romance?)

Experience

Allison
    $1600 14
National Statuary Hall

Triple Stumper
    $1600 25
San Jose

Triple Stumper
    $1600 23
Coho

Pat
    $2000 29
Dubai

Triple Stumper
    $2000 10
Ricki Lake

Triple Stumper
    $2000 30
"A Passage to India"

Triple Stumper
    $2000 15
Space Transportation System

Triple Stumper
    $2000 26
fumarole

Triple Stumper
    $2000 24
Mohorovicic discontinuity

Triple Stumper

Scores at the end of the Double Jeopardy! Round:

Hikma Allison Pat
$5,600 $1,800 $12,200
(lock game)

Final Jeopardy! Round responses

COMPUTER HISTORY
AllisonWhat is control-Alt.-Delete?
$10
HikmaWhat is alphanumeric
$4,401
PatWhat is QWERTY
$0
Control-Alt-Delete

Final scores:

Hikma Allison Pat
$1,199 $1,810 $12,200
3rd place: $2,500 if eliminated 2nd place: $2,500 if eliminated Automatic semifinalist

Game dynamics:

Coryat scores:

Hikma Allison Pat
$5,800 $3,800 $12,200
13 R
(including 1 DD),
5 W
(including 1 DD)
11 R,
4 W
(including 1 DD)
17 R,
1 W

Combined Coryat: $21,800

[game clues] [game scores] [suggest correction]

Game tape date: 2002-10-05
The J! Archive is created by fans, for fans. Scraping, republication, monetization, and malicious use prohibited; this site may use cookies and collect identifying information. See terms. The Jeopardy! game show and all elements thereof, including but not limited to copyright and trademark thereto, are the property of Jeopardy Productions, Inc. and are protected under law. This website is not affiliated with, sponsored by, or operated by Jeopardy Productions, Inc. Join the discussion at JBoard.tv.